| 000 | 00544cam a2200205 4500 | ||
|---|---|---|---|
| 008 | 090401t1990 xxu||||| |||| 00| 0 eng d | ||
| 020 | _a0860173178 | ||
| 035 | _a(Sirsi) u51115 | ||
| 041 | _aeng | ||
| 050 | _a614.78 | ||
| 100 | _aWaller, R.A. | ||
| 245 | _aPlanning to reduce noise exposure in construction | ||
| 260 |
_aLondon _bConstruction Industry Research and Infor _c1990 |
||
| 300 | _a63p. ; 30cm. | ||
| 350 | _a12.75 | ||
| 490 |
_aCIRIA Technical Note _v138 |
||
| 650 | _aBUILDING SITES | ||
| 942 | _n0 | ||
| 948 | _c04/03/1997 | ||
| 999 |
_c92820 _d92820 |
||